000 00259nam a2200109 a 4500
008 101213s1965|||| d
245 1 0 _aLenin o knihovníctve
260 _bMatica slovenská
_aBratislava
_c1965
020 _c6
041 _aslo
044 _axo
_cSK
999 _c15153
_d15153